| 000 | 00677nam a2200205Ia 4500 | ||
|---|---|---|---|
| 003 | OSt | ||
| 005 | 20250805143641.0 | ||
| 008 | 210210b2002 xxu||||| |||| 00| 0 eng d | ||
| 020 | _a81 86668 40 3 | ||
| 040 | _cAL | ||
| 041 | _aKannada | ||
| 082 | _aK494.5 RANV | ||
| 100 |
_aRANGANATHA SHARMA (Vidvan N). _dರಂಗನಾಥ ಶರ್ಮಾ (ವಿದ್ವಾನ್ ಎನ್) _9234005 |
||
| 245 |
_aVyakarana shastrada parivara. _b ವ್ಯಾಕರಣ ಶಾಸ್ತ್ರದ ಪರಿವಾರ. |
||
| 260 |
_aUdupi _bRashtrakavi Govinda Pai Samshodhana Kendra _c2002 |
||
| 300 | _a208 | ||
| 690 |
_aKannada Grammar _9234006 |
||
| 906 | _a058324 | ||
| 942 |
_2ddc _cBK |
||
| 999 |
_c105768 _d105768 |
||